000 01180nam0a2200313 4500
001 RU\NLR\bibl\934640
005 20260405102015.0
010 _a5-17-034552-6
_bАСТ
010 _a5-9713-1345-2
_bАСТ Москва
010 _a5-9578-3333-9
_93000
_bТранзиткнига
021 _aRU
_b2006-11415
_9557
035 _a(NLR Aleph) 000922844
090 _a110852
_c110852
100 _a20060418d2006 |||y0rusy50 ca
101 1 _arus
_ceng
102 _aRU
105 _aa |||||||||
200 1 _aВся королевская рать
_e[роман]
_fРоберт Пенн Уоррен
_g[пер. с англ. В.П. Голышева]
210 _aМосква
_cАСТ
_cТранзиткнига
_d2006
215 _a650,[2] с.
_cил.
_d21
327 1 _aВ кн. также: Вся королевская рать: опыт и роман: статья
686 _aШ6(7США)67-440.4{Лх1979-50}
700 1 _4070
_8rus
_7ca
_aУоррен
_bР. П.
_f1905-1989
_gРоберт Пенн
_3RU\NLR\auth\7737799
_920787
801 0 _aRU
_bNLR
_c20060418
_grcr
801 1 _aRU
_bNLR
_c20060418
830 _aдаты по эк
942 _cBOOK
980 _aNB